000 00920nam a2200289 i 4500
003 EG-GICUC
005 20260225071635.0
008 260225s1953 -ukad||fr|||| 001 0 eng d
040 _aEG-GiCUC
_beng
_cEG-GiCUC
_dEG-GiCUC
_erda
041 0 _aeng
082 0 4 _221
_a341.71042
_bBU . E
092 0 4 _221
099 _aLaw1 11 341.71042 BU . E 1953
100 1 _aButler, D. E
_eAuthor.
245 1 4 _aThe Electoral System In Britain 1918-1951 /
_cBy D. E. Butler.
264 1 _aOxford :
_b The Clarendon Press,
_c1953.
300 _a222 pages,
_c24 cm
_b
336 _2rda content
_atext
337 _2rda media
_aComputer
338 _2rda carrier
_aOnline Resource
504 _aIncludes bibliographical references and index.
546 _aText in English
650 1 4 _a Public international law
856 4 0 _uhttps://fll.law.cu.edu.eg/fulltext/bks/B11-08389.pdf
905 _a48
942 _2ddc
_cBK
_e21
_n0
999 _c64140
_d64140